000 01707nam0a2200361 4500
001 RU\NLR\bibl\84184
005 20260407092815.0
010 _a5-262-00013-4
_9200
021 _aRU
_b1999-44897
_92211
035 _a(NLR Aleph) 000082223
090 _a458238
_c458238
100 _a20000505d1999 |||y0rusy50 ca
101 0 _arus
102 _aRU
105 _aa |||||||||
200 1 _aКолебания и волны
_eСб. задач по физике
_eУчеб. пособие для студентов техн. вузов
_f[Стариченко Г.П., Алексеева Л.В., к.ф.-м.н., проф. Фалеев Д.С. и др.]
_gПод ред. М.Р. Прокоповича
_gМ-во путей сообщ. Рос. Федерации, Дальневост. гос. ун-т путей сообщ.
210 _aХабаровск
_cДВГУПС
_d1999
215 _a72 с.
_cил.
_d20
320 _aБиблиогр.: с. 72 (7 назв.)
606 0 _aКолебания
_jЗадачники
_9891984
_3RU\NLR\auth\662456
606 0 _aВолны
_jЗадачники
_9941184
_3RU\NLR\auth\6629617
686 _aВ236.35я73-4
701 1 _aСтариченко
_bГ. П.
_4070
701 1 _aАлексеева
_bЛ. В.
_4070
701 1 _aФалеев
_bД. С.
_4070
702 1 _aПрокопович
_bМ. Р.
_gМарк Романович
_4340
712 0 2 _4570
_aДальневосточный государственный университет путей сообщения
_cХабаровск
_3RU\NLR\AUTH\8823063
_9320559
801 0 _aRU
_bNLR
_c20000505
_gPSBO
801 1 _aRU
_bNLR
_c20000505
852 _aNLR
_j2000-4/1100
942 _cBOOK
980 _aNB